000 00441nam a2200157 i 4500
001 59215
003 ES-MaACL
005 20230906164004.0
007 t|
008 031028s1909 xxu ||||1| eng d
100 1 _aEmerson, Frederic Valentine.
_947145
245 1 1 _aManuel of physical geography /
_cFrederic Valentine Emerson.
260 _aNew York :
_bMacmillan,
_c1909.
300 _aXVII, 291 p. ;
_c21 cm.
852 _aES-MaACL
_jF-1857
999 _c59215
_d59215